00365nam a2200085Ia 4500008004100000100001800041245009700059500008500156650003800241181011s9999 xx 000 0 und d aMushir-ul-Haq 0a"Inter- Religious Understanding, A step for Realisation of the ideal of the world Community" aAl-Basheer the Bulletin of Christian Institute of Islamic Studies Jan - Mar 1973 aInterfaith Relations and Dialogue